| 000 | 01515nam a2200373Ia 4500 | ||
|---|---|---|---|
| 001 | ebr10654878 | ||
| 003 | CaPaEBR | ||
| 006 | m u | ||
| 007 | cr cn||||||||| | ||
| 008 | 101020s2011 nyua sb 001 0 eng d | ||
| 010 | _z 2010044730 | ||
| 020 | _z9781611228700 (hbk. : alk. paper) | ||
| 020 | _z9781619421554 (ebook) | ||
| 040 |
_aCaPaEBR _cCaPaEBR |
||
| 035 | _a(OCoLC)770414877 | ||
| 050 | 1 | 4 |
_aKF389 _b.L365 2011eb |
| 082 | 0 | 4 |
_a349.73 _222 |
| 245 | 0 | 0 |
_aLaws, nominations and legal issues _h[electronic resource] / _cHoward D. Stern and Thomas W. O'Grady, editors. |
| 260 |
_aNew York : _bNova Science Publishers, _cc2011. |
||
| 300 |
_axvi, 343 p. : _bill. |
||
| 490 | 0 | _aCongressional policies, practices and procedures | |
| 490 | 0 | _aLaws and legislation | |
| 500 | _aContains edited, excerpted and augmented editions of CRS reports. | ||
| 504 | _aIncludes bibliographical references and index. | ||
| 533 |
_aElectronic reproduction. _bPalo Alto, Calif. : _cebrary, _d2013. _nAvailable via World Wide Web. _nAccess may be limited to ebrary affiliated libraries. |
||
| 650 | 0 |
_aLaw _zUnited States. |
|
| 650 | 0 |
_aLegislation _zUnited States. |
|
| 655 | 7 |
_aElectronic books. _2local |
|
| 700 | 1 | _aO'Grady, Thomas W. | |
| 700 | 1 | _aStern, Howard D. | |
| 710 | 2 | _aebrary, Inc. | |
| 710 | 2 |
_aLibrary of Congress. _bCongressional Research Service. |
|
| 856 | 4 | 0 |
_uhttp://site.ebrary.com/lib/rucke/Doc?id=10654878 _zAn electronic book accessible through the World Wide Web; click to view |
| 999 |
_c76180 _d76180 |
||